Democracia en la región andina
Gorde:
| Egile Nagusiak: | , |
|---|---|
| Formatua: | Liburua |
| Hizkuntza: | gaztelania |
| Argitaratua: |
Lima
Instituto de Estudios Peruanos
2010
|
| Edizioa: | 1a. ed |
| Gaiak: | |
| Etiketak: |
Etiketa erantsi
Etiketarik gabe, Izan zaitez lehena erregistro honi etiketa jartzen!
|
MARC
| LEADER | 00000cam a2200000 a 4500 | ||
|---|---|---|---|
| 001 | UCF2150 | ||
| 003 | CL-VaPUC | ||
| 008 | 120810e20101100PE |||||||||||||||||spa|d | ||
| 020 | |a 9789972512803 | ||
| 082 | 0 | 4 | |a 321.8 |b CAM |2 21 |
| 100 | 0 | |a Cameron, Maxwell A |e author |9 563779 | |
| 700 | 0 | |a Luna, Juan Pablo |e author |9 563780 | |
| 245 | 1 | 0 | |a Democracia en la región andina |
| 250 | |a 1a. ed | ||
| 300 | |a 605 p | ||
| 942 | |c BK | ||
| 945 | |d 20120810 00:00:00 |a dcastane | ||
| 260 | |a Lima |b Instituto de Estudios Peruanos |c 2010 | ||
| 650 | 0 | |a Democracia |9 255256 | |
| 650 | 0 | |a Sistemas de gobiernos |9 330159 | |
| 651 | 0 | |a América Latina |9 255027 | |
| 583 | |a last modification |c 20120810 11:35:00 |k Rodrigo Vera | ||
| 999 | |c 348796 |d 348794 | ||
| 952 | |0 0 |1 0 |4 0 |6 321_800000000000000_CAM_2010 |7 0 |8 A |9 450972 |a BIBHIS |b BIBHIS |d 2019-11-22 |i 4891546 |o 321.8 CAM 2010 |p 4891546 |r 2025-01-20 |w 2019-11-22 |y BK |k HIS | ||